Richard Ellis St. Quintin bulletin : retail property performance. - January 1999 - August 1999 (Record no. 97682)

MARC details
000 -LEADER
fixed length control field 00823cam a2200265 4500
001 - CONTROL NUMBER
control field J97220
008 - FIXED-LENGTH DATA ELEMENTS--GENERAL INFORMATION
fixed length control field 090401t1999 xxu||||| |||| 00| 0 eng d
035 ## - SYSTEM CONTROL NUMBER
System control number (Sirsi) u91893
041 ## - LANGUAGE CODE
Language code of text/sound track or separate title eng
050 ## - LIBRARY OF CONGRESS CALL NUMBER
Classification number 333.337
110 ## - MAIN ENTRY--CORPORATE NAME
Corporate name or jurisdiction name as entry element Richard Ellis St. Quintin
9 (RLIN) 3738
245 ## - TITLE STATEMENT
Title Richard Ellis St. Quintin bulletin : retail property performance. - January 1999 - August 1999
260 ## - PUBLICATION, DISTRIBUTION, ETC.
Place of publication, distribution, etc. London
Name of publisher, distributor, etc. Richard Ellis St. Quintin
Date of publication, distribution, etc. 1999
300 ## - PHYSICAL DESCRIPTION
Extent 8 pt. ; 30cm.
350 ## - PRICE (NR) (BK AM CF MU VM SE) [OBSOLETE]
Price 0
650 ## - SUBJECT ADDED ENTRY--TOPICAL TERM
Topical term or geographic name entry element CAPITAL VALUES
650 ## - SUBJECT ADDED ENTRY--TOPICAL TERM
Topical term or geographic name entry element RENT
650 ## - SUBJECT ADDED ENTRY--TOPICAL TERM
Topical term or geographic name entry element PROPERTY-COMMERCIAL PROPERTY-RETAIL PROPERTY-RETAIL PROPERTY MARKET
650 ## - SUBJECT ADDED ENTRY--TOPICAL TERM
Topical term or geographic name entry element RETAIL WAREHOUSES
650 ## - SUBJECT ADDED ENTRY--TOPICAL TERM
Topical term or geographic name entry element RICHARD ELLIS MONTHLY INDICES
690 ## - LOCAL SUBJECT ADDED ENTRY--TOPICAL TERM (OCLC, RLIN)
Topical term or geographic name as entry element PROPERTY-COMMERCIAL PROPERTY-RETAIL PROPERTY
710 ## - ADDED ENTRY--CORPORATE NAME
Corporate name or jurisdiction name as entry element Richard Ellis
9 (RLIN) 1875
942 ## - ADDED ENTRY ELEMENTS (KOHA)
Suppress in OPAC 0
948 ## - LOCAL PROCESSING INFORMATION (OCLC); SERIES PART DESIGNATOR (RLIN)
c (OCLC) 09/03/1999
Holdings
Withdrawn status Lost status Source of classification or shelving scheme Damaged status Not for loan Home library Current library Shelving location Date acquired Total Checkouts Full call number Barcode Date last seen Copy number Price effective from Koha item type
    Dewey Decimal Classification     London London Property market reports 14/09/1999   PROPERTY MARKET REPORTS 30057689 06/08/2019 1 06/08/2019 Reference material
    Dewey Decimal Classification     London London Property market reports 14/09/1999   PROPERTY MARKET REPORTS 30058157 06/08/2019 2 06/08/2019 Reference material
    Dewey Decimal Classification     London London Property market reports 14/09/1999   PROPERTY MARKET REPORTS 30058158 06/08/2019 3 06/08/2019 Reference material
    Dewey Decimal Classification     London London Property market reports 14/09/1999   PROPERTY MARKET REPORTS 30058516 06/08/2019 4 06/08/2019 Reference material
    Dewey Decimal Classification     London London Property market reports 30/09/1999   PROPERTY MARKET REPORTS 30058693 06/08/2019 5 06/08/2019 Reference material
    Dewey Decimal Classification     London London Property market reports 30/09/1999   PROPERTY MARKET REPORTS 30059032 06/08/2019 6 06/08/2019 Reference material
    Dewey Decimal Classification     London London Property market reports 30/09/1999   PROPERTY MARKET REPORTS 30059252 06/08/2019 7 06/08/2019 Reference material
    Dewey Decimal Classification     London London Property market reports 30/09/1999   PROPERTY MARKET REPORTS 30059253 06/08/2019 8 06/08/2019 Reference material